| 000 | 00794 a2200217 4500 | ||
|---|---|---|---|
| 010 | _aENG-85672 | ||
| 020 | _c150.00 | ||
| 035 | _aEN-69205 | ||
| 037 | _bD.B.Act / Pub | ||
| 082 | 1 | 4 | _a657.45 |
| 090 |
_c3400 _d3400 |
||
| 100 | 1 | _aSaxena, R. G. | |
| 245 | 1 |
_aAuditing -II _bfor Sixth semester, BCom, Banglore Universty _cby R. G. Saxena, H. R. Appannaiah and P. N. Reddy |
|
| 260 |
_aMumbai _bHimalaya Publishing House _c2006 |
||
| 270 |
_a"Ramdoot", Dr. Bhalerao Marg, Girgaon _bMumbai _e400 004 _k022-23860170, 022-23863863 _l022-23877178 _mhimpub@vsnl.net.in |
||
| 300 |
_a440 p. _c21 cm ( Pbk.) |
||
| 700 | 1 | _aAppannaiah, H. R. | |
| 700 | 1 | _aReddy, P. N. | |
| 942 |
_adpl _cEN _k657.45 / SAX |
||
| 999 |
_c3333 _d3333 |
||